000 00440nam a2200169 i 4500
001 95300
003 ES-MaACL
005 20230906181656.0
007 t|
008 050525s1960 ag ||||1| spa d
100 1 _aLynch, Benito.
_974932
245 1 3 _aEl inglés de los güesos /
_cBenito Lynch.
250 _a8ª ed.
260 _aBuenos Aires :
_bTroquel,
_c1960.
300 _a287 p. ;
_c21 cm.
852 _aES-MaACL
_jE-8735
_bR.93236
999 _c95300
_d95300